| 000 | 00791nam a2200265 a 4500 | ||
|---|---|---|---|
| 001 | 428031 | ||
| 003 | BD-DhUL | ||
| 005 | 20220103114214.0 | ||
| 008 | 820416s1982 maua b 001 0 eng | ||
| 010 | _a 81081318 | ||
| 020 | _a0395290902 | ||
| 040 |
_aDLC _cDLC _dDLC _dBD-DhUL |
||
| 043 | _an-us--- | ||
| 050 | 0 | 0 |
_aE178.1 _b.P4 |
| 082 | 0 | 0 |
_a973 _219 _bPEO |
| 245 | 1 | 2 |
_aA People & a nation : _ba history of the United States / _cMary Beth Norton ... [et al.]. |
| 250 | _aComplete ed. | ||
| 260 |
_aBoston : _bHoughton Mifflin, _cc1982. |
||
| 300 |
_axxii, 983, 34 p. : _bill. (some col.) ; _c27 cm. |
||
| 504 | _aIncludes bibliographies and index. | ||
| 651 | 0 |
_aUnited States _xHistory. |
|
| 700 | 1 | _aNorton, Mary Beth. | |
| 740 | 0 | _aPeople and a nation. | |
| 942 |
_2ddc _cBK |
||
| 999 |
_c192217 _d192217 |
||